Les personnages de The Walking Dead - Statistiques

Statistiques générales
  • Ce quiz a été pris 127 fois
  • Le résultat moyen est 50 sur 155
Statistiques - réponses
Hint Réponse % Correct
Atlanta S1 Rick Grimes
92%
Atlanta S1 Lori Grimes
80%
Atlanta S1 Carl Grimes
78%
Atlanta S1 Daryl Dixon
77%
Atlanta S1 Shane Walsh
73%
Atlanta S1 Merle Dixon
70%
Atlanta S1 Andrea
65%
Atlanta S1 Amy
63%
Atlanta S1 Carol Peletier
63%
Atlanta S1 Jim
63%
Atlanta S1 Ed Peletier
60%
Atlanta S1 T-Dog
60%
Les Chuchoteurs S9 Alpha
58%
Atlanta S1 Glenn Rhee
58%
Sauveurs S6 Negan
58%
Les Chuchoteurs S9 Beta
57%
Fermier S2 Hershel Green
57%
Atlanta S1 Sophia Peletier
57%
En route pour Washington S4 Abraham
55%
Prêtre S5 Gabriel
55%
Fermier S2 Maggie Green
55%
En route pour Washington S4 Eugene
53%
Aux Alentours de la Prison S3 Michonne
53%
En route pour Washington S4 Rosita
53%
Sauveurs S6 Simon
53%
Prison S3 Judith
52%
Aux Alentours de la Prison S3 Sasha
52%
Le Royaume S7 Ezekiel
50%
Woodbury S3 Le Gouverneur
50%
Les Chuchoteurs S9 Lydia
50%
Nouveau groupe du Gouverneur S4 Tara
50%
Aux Alentours de la Prison S3 Tyreese
50%
Alexandria S5 Aaron
48%
Fermier S2 Beth Green
48%
Sauveurs S6 Dwight
48%
Groupe de Joe S4 Joe
48%
Atlanta S1 Morales
48%
Atlanta S1 Morgan Jones
48%
Fermier S2 Otis
48%
Colline S6 Gregory
47%
Le Royaume S7 Jerry
45%
Fermier S2 Patricia
45%
Prison S3 Axel
43%
Atlanta S1 Dale Horvath
43%
Fermier S2 Jimmy
43%
Alexandria S6 Denise
42%
Fils de Maggie S9 Hershel Rhee
42%
Hopital S5 Noah
42%
Nouveau groupe S9 Magna
40%
Alexandria S5 Spencer
40%
Nouveau groupe S9 Yumiko
40%
Aux Alentours de la Prison S4 Bob
38%
Nouveau groupe S9 Connie
38%
Atlanta S1 Duane Jones
38%
Alexandria S5 Enid
38%
Alexandria S5 Eric
38%
Terminus S4 Gareth
38%
Terminus S4 Marry
38%
Les Chuchoteurs S10 Mary
38%
Aux Alentours de la Prison S4 Sam
38%
Alexandria S5 Sam
38%
Alexandria S5 Deanna
37%
Le Royaume S7 Henry
37%
Nouveau groupe S9 Luke
37%
Prison S4 Mika
37%
Sauveurs S6 Sherry
37%
Alexandria S5 Aiden
35%
Aux Alentours de la Prison S3 Ben
35%
Nouveau groupe S9 Kelly
35%
Nouveau groupe du Gouverneur S4 Lilly
35%
Prison S4 Lizzie
35%
Alexandria S5 Ron
35%
Alexandria S5 Olivia
33%
Hopital S5 Dawn
32%
Terminus S5 Martin
32%
Nouveau groupe du Gouverneur S4 Meghan
32%
Prison S3 Oscar
32%
Médecin Alexandria S8 Siddiq
32%
Décharge S7 Anne
30%
Prison S4 Patrick
30%
Alexandria S8 Alden
28%
Terminus S4 Alex
28%
Woodbury S3 Karen
28%
Alexandria S5 Nicholas
28%
Nouveau groupe du Gouverneur S4 Pete
28%
Alexandria S5 Pete
28%
Bar S2 Randall
28%
Alexandria S5 Jessie
27%
Prison S3 Thomas
27%
Prison S3 Andrew
25%
Sauveurs S7 Arat
25%
Le Royaume S7 Benjamin
25%
Bar S2 Dave
25%
CDC S1 Edwin Jenner
25%
Sauveurs S7 Laura
25%
Le Royaume S7 Dianne
23%
Woodbury S3 Milton Mamet
23%
Alexandria S5 Reg
23%
Bar S2 Tony
22%
Ocenside S7 Beatrice
20%
Ocenside S7 Cyndie
20%
Aux Alentours de la Prison S3 Donna
20%
Groupe ennemi S1 Guillermo
20%
Le Royaume S7 Richard
20%
Aux Alentours de la Prison S3 Allen
18%
Prison S3 Big Tiny
18%
Woodbury S3 Caesar Martinez
18%
Alexandria S6 David
18%
Alexandria S5 Francine
18%
Nouveau groupe du Gouverneur S4 Mitch
18%
Wolf S5 Owen
18%
Alexandria S6 Owen
18%
Ocenside S7 Rachel
18%
Prison S4 Zach
18%
groupe ennemi S1 Abuela
17%
Sauveurs S7 Gavin
17%
Groupe de Joe S4 Len
17%
groupe ennemi S1 Miguel
17%
Sauveurs S6 Tina
17%
Nouveau groupe du Gouverneur S4 Alisha
15%
Prison S4 Caleb
15%
Alexandria S8 D.J
15%
Fromager dans la fôret S6 Eastman
15%
Woodbury S3 Shumpert
15%
Groupe ennemi S1 Felipe
13%
Sauveurs S7 Jared
13%
Alexandria S5 Tobin
13%
Alexandria S5 Barbara
12%
Groupe innovateur S8 Georgie
12%
Atlanta S1 Louis Morales
12%
Sauveurs (avant poste) S6 Paula
12%
Colline S6 Paul Rovia (Jesus)
12%
Alexandria S6 Scott
12%
Hopital S5 Steven
12%
Atlanta S1 Eliza Morales
10%
Hopital S5 Gorman
10%
Atlanta S1 Miranda Morales
10%
groupe ennemmi S1 Jorge
8%
Alexandria S8 Regina
8%
Décharge S7 Brion
7%
Alexandria S6 Carter
7%
Colline S6 Harlan Carson
7%
Atlanta S1 Jacqie
7%
Sauveurs (avant poste) S6 Michelle
7%
Décharge S7 Tamiel
7%
Aux Alentours de la Prison S4 Clara
5%
Sauveurs (avant poste) S6 Molly
5%
Woodbury S3 Penny
5%
Aux Alentours de la Prison S4 Ana
3%
Policier S1 Leon Basset
3%
Groupe de Joe S4 Tony Lou
2%
Hopital S5 Amanda
0%
Woodbury S3 Haley
0%
Policier S1 Lambert Kendal
0%
Woodbury S3 Neil Guargulio
0%
Aucun quiz correspondant
Distribution des résultats
% des personnes avec chaque résultat
Percentile par nombre de réponses
Votre historique - résultats
Vous n’avez pas pris ce quiz